| 000 | 00587nam a22001937a 4500 | ||
|---|---|---|---|
| 003 | DO-SdBNP | ||
| 005 | 20220317100251.0 | ||
| 007 | ta | ||
| 008 | 220317b2019 ||||| |||| 00| 0 spa d | ||
| 020 | _a989945169744 | ||
| 040 |
_aDO-SdBNP _bspa _cBNPHU |
||
| 100 | 1 |
_aÁlvarez Gautier, Virginia, _d1953- _981341 |
|
| 245 | 1 | 0 |
_aDel cielo a la tierra : _bespiritualidad mística en el evangelio de Jesús / _cVirginia Álvarez Gautier |
| 260 |
_aSanto Domingo : _bBúho, _c2019. |
||
| 300 |
_a122 p. ; _c16 cm. |
||
| 590 | _aInventariado, 2022/BT | ||
| 910 | _aBtavárez | ||
| 942 |
_2ddc _cLBS1 |
||
| 999 |
_c51432 _d51432 |
||